000 nam a22 7a 4500
999 _c9721
_d9721
008 180206b ||||| |||| 00| 0 eng d
100 _aSpark
_95827
245 _aNo Fear Shakespeare: The Merchant of Venice
260 _aNewyork
_bS Park
_c2005